|
|
|
|
| LEADER |
00000nas a2200000 i 4500 |
| 001 |
ssj0000913863 |
| 003 |
WaSeSS |
| 005 |
20200512172242.0 |
| 006 |
m d |
| 007 |
cr n |
| 008 |
131120c20139999sz || pos 0 0eng c |
| 010 |
|
|
|a 2014240406
|
| 016 |
7 |
|
|a 101722684
|2 DNLM
|
| 022 |
|
|
|a 2075-4663
|l 2075-4663
|
| 035 |
|
|
|a (WaSeSS)ssj0000913863
|
| 040 |
|
|
|a CNCGM
|b eng
|e pn
|c CNCGM
|d IXA
|d OCLCF
|d CUS
|d NLM
|d OCLCO
|d OCLCA
|d VT2
|d WaSeSS
|
| 042 |
|
|
|a pcc
|
| 050 |
1 |
4 |
|a GV561
|
| 060 |
0 |
0 |
|a W1
|
| 130 |
0 |
|
|a Sports (Basel, Switzerland)
|
| 222 |
|
0 |
|a Sports
|b (Basel)
|
| 245 |
1 |
0 |
|a Sports
|h [electronic resource].
|
| 260 |
|
|
|a Basel, Switzerland :
|b MDPI,
|c [2013]-
|
| 310 |
|
|
|a Quarterly
|
| 362 |
1 |
|
|a Began with Volume 1, Issue 1 (March 2013)
|
| 506 |
|
|
|a License restrictions may limit access.
|
| 588 |
|
|
|a Description based on: Volume 1, Issue 1 (March 2013); title from HTML header (publisher's Web site, viewed Sept. 24, 2014).
|
| 588 |
|
|
|a Latest issue consulted: Volume 6, Issue 1 (March 2018) (viewed March 27, 2018).
|
| 650 |
|
0 |
|a Sports
|v Periodicals.
|
| 650 |
|
0 |
|a Public health
|v Periodicals.
|
| 650 |
|
7 |
|a Public health.
|2 fast
|0 (OCoLC)fst01082238
|
| 650 |
|
7 |
|a Sports.
|2 fast
|0 (OCoLC)fst01130432
|
| 650 |
1 |
2 |
|a Sports Medicine.
|
| 650 |
2 |
2 |
|a Sports.
|
| 650 |
2 |
2 |
|a Public Health.
|
| 655 |
|
0 |
|a Electronic journals.
|
| 856 |
4 |
0 |
|z Full text available from Research Library: 03/01/2013 to 12/31/2018
|u https://search.proquest.com/publication/2032328
|
| 856 |
4 |
0 |
|z Full text available from Research Library: 01/01/2020 to present
|u https://search.proquest.com/publication/2032328
|